000 01680nam a2200409Ia 4500
001 vtls003163004
003 MY-SjTCS
005 20200226112812.0
006 m u
007 cr cn|||||||||
008 100712s2004 enka sb 001 0 eng d
010 _z 2003-065687
020 _z0511211473
020 _z0521630665
035 _a(CaPaEBR)ebr10131750
039 9 _y201007121344
_zVLOAD
040 _aCaPaEBR
_cCaPaEBR
041 1 _aeng
_hfre
050 1 4 _aH61.15
_b.D8713 2004eb
100 1 _aDurkheim, Émile,
_d1858-1917
240 1 0 _aLectures.
_lEnglish.
_kSelections
245 1 0 _aDurkheim's philosophy lectures
_h[electronic resource] :
_bnotes from the Lycée de Sens course, 1883-1884 /
_cedited and translated by Neil Gross, Robert Alun Jones.
260 _aCambridge, U.K. ;
_aNew York :
_bCambridge University Press,
_c2004.
300 _axvii, 339 p. :
_bill.
500 _a"Consists of notes taken by André Lalande"--Translators' note.
504 _aIncludes bibliographical references and index.
529 _aTSLHHL
533 _aElectronic reproduction.
_bPalo Alto, Calif. :
_cebrary,
_d2009.
_nAvailable via World Wide Web.
_nAccess may be limited to ebrary affiliated libraries.
650 0 _aSocial sciences
_xPhilosophy.
_925011
650 0 _aPhilosophy.
655 7 _aElectronic books.
_2local
700 1 _aGross, Neil,
_d1971-
700 1 _aJones, Robert Alun.
700 1 _aLalande, Andre,
_d1867-1963.
710 2 _aebrary, Inc.
_925628
856 4 0 _uhttps://ezproxy.taylors.edu.my/login?url=http://site.ebrary.com/lib/taylorscollege/Doc?id=10131750
_zAn electronic book accessible through the World Wide Web; click to view
999 _c99447